Cartagena en la olla podrida / (Registro nro. 30979)

Detalles MARC
000 -LEADER
fixed length control field 00680nam a22002177a 4500
003 - CONTROL NUMBER IDENTIFIER
control field OSt
005 - DATE AND TIME OF LATEST TRANSACTION
control field 20250425105639.0
008 - FIXED-LENGTH DATA ELEMENTS--GENERAL INFORMATION
fixed length control field 250425b |||a|||| |||| 00| 0 spa d
020 ## - INTERNATIONAL STANDARD BOOK NUMBER
International Standard Book Number 9586822214
035 ## - SYSTEM CONTROL NUMBER
System control number (CO-BoBLA)117892-57bdlrdc_inst
035 ## - SYSTEM CONTROL NUMBER
System control number AHD1757 LA
040 ## - CATALOGING SOURCE
Original cataloging agency CO-JMCR
Transcribing agency CO-JMCR
Language of cataloging spa
Modifying agency CO-JMCR
Description conventions rda
041 0# - LANGUAGE CODE
Language code of text/sound track or separate title spa
082 04 - DEWEY DECIMAL CLASSIFICATION NUMBER
Classification number 364.132
Item number C69c
Edition number 23
100 1# - MAIN ENTRY--PERSONAL NAME
Personal name Collazos, Óscar,
Dates associated with a name 1942-2015.
9 (RLIN) 44136
245 10 - TITLE STATEMENT
Title Cartagena en la olla podrida /
Statement of responsibility, etc. Oscar Collazos.
260 ## - PUBLICATION, DISTRIBUTION, ETC.
Place of publication, distribution, etc. Bogotá :
Name of publisher, distributor, etc. Contraloría General de la República, Alfaomega,
Date of publication, distribution, etc. 2001.
300 ## - PHYSICAL DESCRIPTION
Extent 115 páginas ;
Dimensions 21 cm.
500 ## - GENERAL NOTE
General note Incluye fuentes de investigación.
942 ## - ADDED ENTRY ELEMENTS (KOHA)
Source of classification or shelving scheme Dewey Decimal Classification
Koha item type Books
Existencias
Withdrawn status Lost status Source of classification or shelving scheme Damaged status Not for loan Collection code Home library Current library Shelving location Date acquired Source of acquisition Total Checkouts Full call number Barcode Date last seen Copy number Price effective from Koha item type
    Dewey Decimal Classification     Non-fiction Biblioteca Pública José María del Castillo y Rada Biblioteca Pública José María del Castillo y Rada Book Cart 04/15/2024 Donación   364.132 C69c 430013184 04/25/2025 Ej.1 04/25/2025 Books